Environmental ethnics : What really matters, what really works

Đã lưu trong:
Sonraí Bibleagrafaíochta
Príomhúdar: Schmidtz, David
Formáid: Leabhar
Teanga:Undetermined
Foilsithe: Oxford Oxford University Press 2002
Ábhair:
Clibeanna: Cuir Clib Leis
Gan Chlibeanna, Bí ar an gcéad duine leis an taifead seo a chlibeáil!
Thư viện lưu trữ: Trung tâm Học liệu Trường Đại học Cần Thơ
LEADER 00552nam a2200205Ia 4500
001 CTU_94100
008 210402s9999 xx 000 0 und d
020 |c 282000 
082 |a 179.1 
082 |b S354 
100 |a Schmidtz, David 
245 0 |a Environmental ethnics : 
245 0 |b What really matters, what really works 
245 0 |c David Schmidtz 
260 |a Oxford 
260 |b Oxford University Press 
260 |c 2002 
650 |a Environmental ethics 
904 |i M.Loan 
980 |a Trung tâm Học liệu Trường Đại học Cần Thơ